00865nam a2200241Ia 4500001000600000003000900006008004100015040001300056040001300069041001300082100002100095100002900116245003800145245004600183250001100229260001100240260001300251260004900264300005900313500019400372650002600566650003100592A8410IT-RoPAU130308s9999 xx 000 0 und d aIT-RoPAU cIT-RoPAU aITALIANO aFederici Tommaso gCodice Aut. SPICS: 23190 aLiturgie dell'area orientale (Le) bLiturgia (La)-2-Panorama Storico Generale a1a ed. aTORINO bMarietti c1978 [1° Ed.:1978 - Ed.Ling.Originale:1978] a"19 p. (prefazione: no ; testo: 19 [pagine: 110-128])" aConcetto di rito e Liturgia in Oriente. famiglie Liturgiche Orientali: Famiglia Antiochena: Siri Orientali e Occidentali, Maroniti, Bizantini e Armeni. Famiglia Alessandrina: Copti, Etiopi. aSTORIA DELLA LITURGIA eCodice materia Spics: 9158